Tiếng Pháp cho người mới bắt đầu Le Francais Pour Les Débutants
Dùng cho người mới bắt đầu học tiếng Pháp gồm có 9 bài học. Bao gồm những chủ đề thường gặp trong giao tiếp như: Chào hỏi;Giới thiệu; giờ và ngày; thời tiết...
Zapisane w:
| 1. autor: | |
|---|---|
| Format: | Książka |
| Język: | Undetermined |
| Wydane: |
Tp. Hồ Chí Minh
Tổng hợp Tp. Hồ Chí Minh
2008
|
| Hasła przedmiotowe: | |
| Dostęp online: | http://lrc.tdmu.edu.vn/opac/search/detail.asp?aID=2&ID=16097 |
| Etykiety: |
Dodaj etykietę
Nie ma etykietki, Dołącz pierwszą etykiete!
|
| Thư viện lưu trữ: | Trung tâm Học liệu Trường Đại học Thủ Dầu Một |
|---|
| LEADER | 00973nam a2200217Ia 4500 | ||
|---|---|---|---|
| 001 | TDMU_16097 | ||
| 008 | 210410s9999 xx 000 0 und d | ||
| 082 | |a 441 | ||
| 090 | |b NG450 | ||
| 100 | |a Ngô, Chanh | ||
| 245 | 0 | |a Tiếng Pháp cho người mới bắt đầu | |
| 245 | 0 | |b Le Francais Pour Les Débutants | |
| 245 | 0 | |c Ngô Chanh dịch | |
| 260 | |a Tp. Hồ Chí Minh | ||
| 260 | |b Tổng hợp Tp. Hồ Chí Minh | ||
| 260 | |c 2008 | ||
| 300 | |a 109tr. | ||
| 520 | |a Dùng cho người mới bắt đầu học tiếng Pháp gồm có 9 bài học. Bao gồm những chủ đề thường gặp trong giao tiếp như: Chào hỏi;Giới thiệu; giờ và ngày; thời tiết... | ||
| 650 | |a Tiếng Pháp; Tiếng Pháp cơ bản | ||
| 856 | |u http://lrc.tdmu.edu.vn/opac/search/detail.asp?aID=2&ID=16097 | ||
| 980 | |a Trung tâm Học liệu Trường Đại học Thủ Dầu Một | ||